| 000 | 004950000a22001690004500 | ||
|---|---|---|---|
| 090 |
_aAR _b00647 |
||
| 245 | 1 | 0 | _aLitter decomposition in a subarctic spruce-lichen Woodland, Eastern Canada |
| 650 | 1 | 4 |
_aHojarasca _911138 |
| 650 | 1 | 4 |
_aProductividad primaria _913707 |
| 650 | 1 | 4 |
_aDescomposición _914391 |
| 650 | 1 | 4 |
_aCiclo de nutrientes _97536 |
| 651 | 4 |
_pCanada _992749 |
|
| 041 | 0 | _aInglés | |
| 100 | 1 |
_aMoore, T. R. _993761 |
|
| 942 | _cARTICULO | ||
| 773 | 1 |
_tEcology _357 _h1 _q299-308 _d1984 _g65 |
|
| 999 |
_c9739 _d9739 |
||